00565nam a22001697a 450000500170000001000130001702000260003003500110005603700130006708200080008010000270008824500740011524600450018926000520023427000870028630000220037320190524160252.0 aUR-10158 c111.00a9789387539556 aU-8713 bDBAD/PUB a841 aصد يقی نا ظر  a د ھنک ر نگ : شعر ی مجمو عہcصد يقی نا ظر b‏Dhanak Rang (Urdu)aby Nazir Siddiqui a DelhibEducational Publishing Housec2017 ء  a3191،Vakil Street,Kucha Pandit,Lal Kuan,bDelhie110006k23216162l00911123211540 a168صc22 Cm(B.b)